Statistics for Largest Cities in the United States Map Quiz

Click here to take the quiz!

General Stats

  • This quiz has been taken 132 times
    (131 since last reset)
  • The average score is 19 of 24

Answers on the Map

Answers color-coded by a green-red scale on the quiz's map according to % correct below.
 

Answer Stats

Answer% Correct
Chicago
87%
Indianapolis
87%
Jacksonville
87%
San Francisco
87%
Detroit
86%
New York
86%
Seattle
85%
Denver
84%
Columbus
82%
Phoenix
82%
San Diego
82%
Boston
81%
El Paso
80%
Houston
79%
Los Angeles
79%
Memphis
79%
Philadelphia
79%
Washington D.C.
79%
Charlotte
77%
Dallas
74%
Austin
63%
San Antonio
63%
San Jose
62%
Fort Worth
52%

Score Distribution

Percentile by Number Answered

Percent of People with Each Score

Your Score History

You have not taken this quiz since the last reset